000 00454 a2200121 4500
245 _aRubicon
_b : the triumph and tragedy of the Roman Republic
_hprint
020 _a0316861308
700 _aHolland, Tom.
005 20191017174200.0
260 _aenk
_bLittle, Brown
_cc2003
084 _aDG266 .H65 2003b
300 _axxiii, 406 p., [24] p. of plates : ill. (some col.
_bxxiii, 406 p., [24] p. of plates
_cxxiii, 406 p., [24] p. of plates : ill. (some col.
500 _aTom Holland.
999 _c11275
_d11275